東武鉄道乗降客数ランキングTOP100 - Statistics

General Stats
  • This quiz has been taken 94 times
  • The average score is 33 of 100
Answer Stats
順位 乗降客数 所属路線 解答 % Correct
1 419,499 東上本線 池袋駅
99%
2 412,717 伊勢崎線 北千住駅
91%
3 167,401 東上本線 和光市駅
91%
5 145,830 野田線 柏駅
90%
4 152,331 東上本線 朝霞台駅
86%
7 127,644 野田線 大宮駅
83%
6 143,083 伊勢崎線 新越谷駅
79%
9 116,250 野田線 船橋駅
77%
8 117,404 東上本線 川越駅
75%
11 95,860 東上本線 志木駅
66%
12 82,501 伊勢崎線 草加駅
66%
10 103,858 伊勢崎線 押上駅
64%
16 64,091 伊勢崎線野田線 春日部駅
64%
17 62,984 伊勢崎線大師線 西新井駅
62%
13 67,699 伊勢崎線 竹ノ塚駅
60%
14 67,537 東上本線 朝霞駅
55%
15 65,625 野田線 流山おおたかの森駅
53%
18 62,055 東上本線 ふじみ野駅
53%
21 53,301 東上本線 成増駅
45%
20 56,181 東上本線 東武練馬駅
44%
19 56,374 伊勢崎線 獨協大学前駅
42%
22 51,582 東上本線 上福岡駅
42%
40 29,890 伊勢崎線亀戸線 曳舟駅
42%
43 28,330 東上本線越生線 坂戸駅
42%
42 28,665 伊勢崎線日光線 東武動物公園駅
40%
23 51,233 東上本線 上板橋駅
39%
46 25,825 亀戸線 亀戸駅
39%
24 51,014 伊勢崎線 せんげん台駅
38%
30 45,567 野田線 新鎌ケ谷駅
38%
25 48,683 東上本線 大山駅
35%
94 10,041 伊勢崎線佐野線 小泉線 館林駅
35%
27 48,139 伊勢崎線 越谷駅
34%
90 10,599 伊勢崎線小泉線 桐生線 太田駅
34%
26 48,539 伊勢崎線 北越谷駅
32%
31 43,704 東上本線 川越市駅
32%
38 35,091 野田線 岩槻駅
32%
28 47,220 東上本線 鶴瀬駅
31%
29 47,150 伊勢崎線 久喜駅
31%
33 39,076 伊勢崎線 浅草駅
31%
32 43,271 東上本線 ときわ台駅
30%
45 26,436 東上本線 東松山駅
30%
34 38,575 東上本線 みずほ台駅
29%
39 30,286 東上本線 鶴ケ島駅
29%
81 12,621 大師線 大師前駅
29%
35 38,080 伊勢崎線 谷塚駅
27%
37 35,416 伊勢崎線 梅島駅
27%
41 28,998 伊勢崎線 新田駅
27%
44 27,781 東上本線 中板橋駅
27%
47 25,701 東上本線 新河岸駅
27%
36 36,724 伊勢崎線 五反野駅
26%
49 24,699 東上本線 若葉駅
26%
51 23,674 東上本線 高坂駅
26%
50 24,277 東上本線 霞ケ関駅
25%
84 12,160 東上本線 森林公園駅
23%
86 11,666 日光線 幸手駅
23%
89 11,154 亀戸線 小村井駅
23%
68 16,048 東上本線 下板橋駅
22%
75 14,199 伊勢崎線 武里駅
22%
95 9,935 日光線 杉戸高野台駅
22%
96 9,733 日光線 栗橋駅
22%
100 9,014 野田線 野田市駅
22%
59 19,220 伊勢崎線 東向島駅
21%
61 18,619 東上本線 北坂戸駅
21%
63 18,204 東上本線 柳瀬川駅
21%
67 16,354 伊勢崎線 一ノ割駅
21%
69 15,947 伊勢崎線 とうきょうスカイツリー駅
21%
74 14,727 東上本線 下赤塚駅
21%
79 12,929 伊勢崎線 鐘ケ淵駅
21%
97 9,704 日光線 栃木駅
21%
99 9,633 伊勢崎線 北春日部駅
21%
48 25,693 野田線 馬込沢駅
19%
56 20,820 伊勢崎線 牛田駅
19%
65 17,909 伊勢崎線 大袋駅
19%
66 17,051 伊勢崎線 蒲生駅
19%
91 10,356 東上本線 北池袋駅
19%
53 21,710 野田線 鎌ケ谷駅
18%
54 21,494 野田線 運河駅
18%
82 12,566 伊勢崎線 加須駅
18%
57 19,454 野田線 東岩槻駅
17%
60 18,986 野田線 大和田駅
17%
72 15,569 野田線 豊四季駅
17%
87 11,646 伊勢崎線 羽生駅
17%
98 9,690 伊勢崎線 花崎駅
17%
52 23,221 野田線 江戸川台駅
16%
55 20,960 野田線 新柏駅
16%
58 19,248 野田線 初石駅
16%
62 18,353 野田線 七里駅
16%
70 15,899 野田線 高柳駅
16%
76 13,775 野田線 新船橋駅
16%
77 13,448 野田線 南桜井駅
16%
78 13,182 野田線 逆井駅
16%
85 11,886 越生線 川角駅
16%
88 11,592 野田線 豊春駅
16%
92 10,172 野田線 八木崎駅
16%
64 18,137 野田線 塚田駅
14%
71 15,867 野田線 川間駅
14%
73 15,374 野田線 梅郷駅
14%
80 12,776 野田線 六実駅
14%
83 12,532 野田線 増尾駅
14%
93 10,146 野田線 愛宕駅
14%
No matching quizzes found
Score Distribution
Percent of People with Each Score
Percentile by Number Answered
Your Score History
You have not taken this quiz